| Tag |
First Indicator |
Second Indicator |
Subfields |
| LEADER |
00000cam a22000004a 4500 |
| 001 |
in00002529621 |
| 005 |
20151113122255.0 |
| 008 |
090814s2009 ncu b 001 0 eng c |
| 010 |
|
|
|a 2009032839
|
| 020 |
|
|
|a 9780822345503 (cloth : alk. paper)
|
| 020 |
|
|
|a 0822345501 (cloth : alk. paper)
|
| 020 |
|
|
|a 9780822345671 (pbk. : alk. paper)
|
| 020 |
|
|
|a 0822345676 (pbk. : alk. paper)
|
| 035 |
|
|
|a (OCoLC)ocn338618110
|
| 035 |
|
|
|a (OCoLC)338618110
|
| 040 |
|
|
|a NcD/DLC
|c DLC
|d YDXCP
|d C#P
|d UtOrBLW
|
| 042 |
|
|
|a pcc
|
| 043 |
|
|
|a a-ii---
|
| 049 |
|
|
|a TXAM
|
| 050 |
0 |
0 |
|a HQ799.I5
|b .L85 2009
|
| 082 |
0 |
0 |
|a 305.2350954
|2 22
|
| 100 |
1 |
|
|a Lukose, Ritty A.,
|d 1968-
|
| 245 |
1 |
0 |
|a Liberalization's children :
|b gender, youth, and consumer citizenship in globalizing India /
|c Ritty A. Lukose.
|
| 264 |
|
1 |
|a Durham [N.C.] :
|b Duke University Press,
|c 2009.
|
| 300 |
|
|
|a xiii, 284 pages ;
|c 23 cm.
|
| 336 |
|
|
|a text
|b txt
|2 rdacontent
|
| 337 |
|
|
|a unmediated
|b n
|2 rdamedia
|
| 338 |
|
|
|a volume
|b nc
|2 rdacarrier
|
| 504 |
|
|
|a Includes bibliographical references and index.
|
| 505 |
0 |
|
|a Introduction: liberalization's children : nation, generation, and globalization -- Locating Kerala, between development and globalization -- Fashioning gender and consumption -- Romancing the public -- Politics, privatization, and citizenship -- Education, caste, and the secular -- Epilogue: consumer citizenship in the era of globalization.
|
| 650 |
|
0 |
|a Youth
|z India.
|
| 650 |
|
0 |
|a Consumption (Economics)
|z India.
|
| 651 |
|
0 |
|a India
|x Economic conditions
|y 21st century.
|
| 650 |
|
0 |
|a Globalization
|z India.
|
| 938 |
|
|
|a YBP Library Services
|b YANK
|n 3034640
|
| 945 |
|
|
|a PromptCat
|b 847595
|
| 946 |
|
|
|a stk
|
| 947 |
|
|
|a A14839999102
|
| 994 |
|
|
|a 92
|b TXA
|
| 948 |
|
|
|a cataloged
|b h
|d 2009/12/4
|h c
|e asalazar
|f 2:10:50 pm
|
| 999 |
|
|
|a MARS
|
| 999 |
f |
f |
|s 3c80d4af-619d-3fd4-8e1b-ad1ef6c2f1e5
|i 20d6e9f4-fdf3-30ab-986c-bd66b2acc687
|t 0
|
| 952 |
f |
f |
|p normal
|a Texas A&M University
|b College Station
|c Sterling C. Evans Library
|d Evans: Library Stacks
|t 0
|e HQ799.I5 .L85 2009
|h Library of Congress classification
|i unmediated -- volume
|m A14839999102
|
| 998 |
f |
f |
|a HQ799.I5 .L85 2009
|t 0
|l Evans: Library Stacks
|